|
|
|
|
| LEADER |
00000nam a2200000 a 4500 |
| 001 |
vtls001474635 |
| 003 |
SK-MaSNL |
| 005 |
20260301122059.0 |
| 008 |
240318s1906 xo 0 slo |
| 015 |
|
|
|a SNBA19011918-000996
|
| 035 |
|
|
|a SNK000429936
|
| 040 |
|
|
|a SNK
|b slo
|c SNK
|e AACR2
|
| 041 |
0 |
|
|a slo
|
| 044 |
|
|
|a xo
|c SK
|
| 080 |
|
|
|a 372.851(075)
|2 1981
|
| 080 |
|
|
|a 377(075)
|2 1981
|
| 100 |
1 |
|
|a Kordoš, Gustáv,
|d 1836-1908
|4 aut
|9 114817
|
| 245 |
1 |
0 |
|a Náučná počtová kniha pre náš ľud
|b menovite pre našich mladých: hospodárov, priemyselníkov, kupcov a obchodníkov, ako i pre: opakovacie, hospodárske, priemyselné alebo učňovské a kupecké alebo obchodné školy
|c napísal Gustáv Kordoš
|n Sošit prvý
|p O počtovaní celými číslami: dľa pravidiel ústneho spôsobu počtovania, z pamäti a na papieri
|
| 260 |
|
|
|a Ružomberok
|b nákl. spisovateľovým
|c 1906
|e Ružomberok
|f K. Salva
|
| 300 |
|
|
|a 142, [2] s.
|c V. 8°
|
| 500 |
|
|
|a Ilustr.
|
| 500 |
|
|
|a Kordoš, Gustáv: Nar. 14.VIII.1836 v Magurke, zomrel 22.XII.1908 v Levoči. Profesor v Levoči, pedagogický spisovateľ. (ChČ)
|
| 504 |
|
|
|a Ref.: Náučná počtová kniha, Kat. nov. 22/LVII, 1906, str.5. Náučná počtová kniha, Slov. týžd. 20/IV, 1906, str.7
|
| 650 |
0 |
7 |
|a matematika
|2 SNKPH
|9 70174
|
| 650 |
0 |
7 |
|a ľudové školy
|2 SNKPH
|9 265077
|
| 655 |
|
7 |
|a učebnice
|2 SNKPH
|9 22521
|
| 999 |
|
|
|c 731561
|d 733491
|
| 952 |
|
|
|t P60, <04>, [BOOK], {604}
|a SNK
|b SNK
|y VYP
|7 0
|p 17A0427797
|o snkSD 1121/1 D2
|0 0
|1 0
|4 0
|d 2004-05-11
|l 0
|r 2005-01-02 00:00:00
|w 2026-02-23
|
| 952 |
|
|
|a SNK
|b SNK
|y PREZ
|7 0
|p 17A0427699
|o snkSD 1121/1 D1
|i snkKSF 4111/57
|8 5
|z R. 1906
|0 0
|1 0
|4 0
|d 2004-05-11
|l 0
|r 2005-01-02 00:00:00
|w 2026-02-23
|